El hombre y el clima: excelente síntesis entre la indagación del pasado por los métodos más avanzados y los descubrimientos científicos actuales
שמור ב:
| מחבר ראשי: | |
|---|---|
| פורמט: | ספר |
| שפה: | ספרדית |
| יצא לאור: |
Barcelona
Gedisa
1988
|
| מהדורה: | 1a. ed |
| סדרה: | Colección Límites de la Ciencia
|
| נושאים: | |
| תגים: |
הוספת תג
אין תגיות, היה/י הראשונ/ה לתייג את הרשומה!
|
MARC
| LEADER | 00000cam a2200000 a 4500 | ||
|---|---|---|---|
| 001 | UCY2790 | ||
| 003 | CL-VaPUC | ||
| 008 | 941121e19880000SP |||||||||||||||||spa|d | ||
| 020 | |a 8474322847 | ||
| 082 | 0 | 4 | |a 551.6 |b LAB |2 21 |
| 100 | 0 | |a Labeyrie, Jacques |e author |9 330920 | |
| 245 | 1 | 3 | |a El hombre y el clima: excelente síntesis entre la indagación del pasado por los métodos más avanzados y los descubrimientos científicos actuales |
| 250 | |a 1a. ed | ||
| 300 | |a 245 p | ||
| 942 | |c BK | ||
| 945 | |d 19941121 00:00:00 |a mfernand | ||
| 260 | |a Barcelona |b Gedisa |c 1988 | ||
| 650 | 0 | |a Clima |9 265281 | |
| 650 | 0 | |a Climatología |9 262302 | |
| 650 | 7 | |a HOMBRE INFLUENCIA DEL CLIMA |2 CL-VaPUC |9 330921 | |
| 583 | |a last modification |c 20160615 05:01:27 |k Rodrigo Vera | ||
| 490 | 0 | |a Colección Límites de la Ciencia | |
| 999 | |c 231109 |d 231107 | ||
| 952 | |0 0 |1 0 |4 0 |6 551_600000000000000_LAB_1988 |7 0 |8 A |9 233943 |a BIBING |b BIBING |d 2019-11-15 |i 3038106 |o 551.6 LAB 1988 |p 3038106 |r 2025-01-20 |w 2019-11-15 |y BK |k GEO | ||
| 952 | |0 0 |1 0 |3 erb |4 0 |6 551_600000000000000_LAB_1988 |7 0 |8 A |9 233944 |a FDOHBE |b FDOHBE |e Huesbe Llanos, Marco Antonio, 1934- |i 5332974 |o 551.6 LAB 1988 |p 5332974 |r 2024-01-30 |w 2019-11-15 |y BK |z Catalogado en:20160616 |k HBE | ||